[Event "SWE-chT 2223 Elite"]
[Site "Sweden"]
[Date "2023.03.11"]
[Round "8.1"]
[White "Domingo Nunez, Ruben"]
[Black "Stavenberg, Karl"]
[Result "1-0"]
[WhiteElo "2383"]
[BlackElo "2115"]
[PlyCount "71"]
[EventDate "2022.10.14"]
[EventType "team-tourn"]
[EventRounds "9"]
[EventCountry "SWE"]
[SourceTitle "CBM 213 Extra"]
[Source "ChessBase"]
[SourceDate "2023.05.31"]
[SourceVersion "1"]
[SourceVersionDate "2023.05.31"]
[SourceQuality "1"]
[WhiteTeam "Limhamn"]
[BlackTeam "Farsta"]
[WhiteTeamCountry "SWE"]
[BlackTeamCountry "SWE"]

1. e4 e5 2. Nf3 Nf6 3. Nxe5 d6 4. Nf3 Nxe4 5. d4 d5 6. Bd3 Bd6 7. 0-0 0-0 8. c4 c6 9. Nc3 Nxc3 10. bxc3 dxc4 11. Bxc4 Bf5 12. Bg5 Qa5 13. Qb3 Bg4 14. Bh4 Bxf3 15. gxf3 b5 16. Bd3 Nd7 17. a4 bxa4 18. Qc2 g6 19. Rxa4 Qc7 20. Bg3 Nb6 21. Ra5 Nd5 22. Rfa1 Nf4 23. Bf1 Rfe8 24. Qa4 h5 25. Ra6 Qe7 26. Qxc6 Rad8 27. Rxa7 Qf6 28. Rd7 Rxd7 29. Qxd7 Rd8 30. Qc6 h4 31. Ra7 hxg3 32. hxg3 Ne6 33. Bc4 Kg7 34. Qb6 Rc8 35. Bd5 Rxc3 36. Qxd6 1-0

[Event "SWE-chT 1920 Elite"]
[Site "Sweden"]
[Date "2020.10.19"]
[Round "8.5"]
[White "Gajic, Mladen"]
[Black "Stavenberg, Karl"]
[Result "1-0"]
[WhiteElo "2303"]
[BlackElo "2043"]
[PlyCount "97"]
[EventDate "2019.10.18"]
[EventType "team-tourn"]
[EventRounds "9"]
[EventCountry "SWE"]
[SourceTitle "EXT 2022"]
[Source "ChessBase"]
[SourceDate "2021.10.06"]
[SourceVersion "1"]
[SourceVersionDate "2021.10.06"]
[SourceQuality "1"]
[WhiteTeam "Eksjo"]
[BlackTeam "Farsta"]
[WhiteTeamCountry "SWE"]
[BlackTeamCountry "SWE"]

1. e4 c5 2. c3 Nf6 3. e5 Nd5 4. Nf3 Nc6 5. Bc4 e6 6. 0-0 Nb6 7. Bb3 c4 8. Bc2 d6 9. exd6 Bxd6 10. b3 cxb3 11. axb3 0-0 12. d4 g6 13. Nbd2 Be7 14. Ne4 Nd5 15. Bh6 Re8 16. Qd2 Nf6 17. Rfe1 Nxe4 18. Rxe4 Bf6 19. Rae1 Bd7 20. h4 Ne7 21. Bg5 Bxg5 22. Nxg5 Nf5 23. c4 Qf6 24. Qf4 Kg7 25. Nf3 Bc6 26. d5 exd5 27. cxd5 Rxe4 28. Bxe4 Bd7 29. Qc7 Qd6 30. Qxb7 Rb8 31. Qxa7 Rxb3 32. Bxf5 Bxf5 33. Qd4+ Qf6 34. Ne5 Rd3 35. Qc4 Rd2 36. Nf3 Rc2 37. Qb4 Rb2 38. Qf4 Rb1 39. Rxb1 Bxb1 40. Qb4 Bf5 41. Kh2 h5 42. Qf4 Bg4 43. Kg3 Qxf4+ 44. Kxf4 f6 45. Nd2 Kf7 46. f3 Bc8 47. Ne4 Ke7 48. Ke3 f5 49. Nc5 1-0

[Event "SWE-chT 1920 Elite"]
[Site "Sweden"]
[Date "2020.10.18"]
[Round "7.3"]
[White "Olofsson Dolk, Mattis"]
[Black "Stavenberg, Karl"]
[Result "0-1"]
[WhiteElo "2209"]
[BlackElo "2043"]
[PlyCount "68"]
[EventDate "2019.10.18"]
[EventType "team-tourn"]
[EventRounds "9"]
[EventCountry "SWE"]
[SourceTitle "EXT 2022"]
[Source "ChessBase"]
[SourceDate "2021.10.06"]
[SourceVersion "1"]
[SourceVersionDate "2021.10.06"]
[SourceQuality "1"]
[WhiteTeam "Vaxjo"]
[BlackTeam "Farsta"]
[WhiteTeamCountry "SWE"]
[BlackTeamCountry "SWE"]

1. e4 c5 2. Nf3 d6 3. d4 cxd4 4. Nxd4 Nf6 5. Nc3 a6 6. h3 e5 7. Nde2 h5 8. Bg5 Nbd7 9. Nd5 Be7 10. Nxe7 Qxe7 11. Nc3 Nb6 12. Qf3 Be6 13. a4 Rc8 14. a5 Nbd7 15. Be2 Qd8 16. 0-0 Rc5 17. Rfd1 Rxa5 18. Rxa5 Qxa5 19. Rxd6 Qb4 20. Qd3 0-0 21. Bxf6 Nxf6 22. b3 g6 23. Bf3 Kg7 24. Nd1 Rc8 25. c4 b5 26. cxb5 axb5 27. Rb6 Rc5 28. Qd6 Nd7 29. Rb7 Qd4 30. Qxd4 exd4 31. Kf1 Ne5 32. b4 Rc1 33. Ke2 Nxf3 34. gxf3 Bb3 0-1